000 01569nam a2200409 c 4500
999 _c147092
_d147092
003 BLK
005 20250707094723.0
008 180410b bul|||||r ||||||| ||bul||
010 _aKNG00153300000
020 _a978-954-983-4
020 _a9789545299834
040 _aBLK
041 _aBUL
_cBUL
072 7 _2bullib
_aН85
_xДетска художествена литература Н
080 _aФренска литература
_b821.133.1
_x-93-32
_z821.133.1-93-32
100 1 _aГосини, Рьоне
_eпърви автор
_955312
139 _aГосини, Рьоне и др.
_bГ 70
245 1 0 _aМалкият Никола и приятелчетата
_cРьоне Госини; съавт. Жан-Жак Семпе; прев. от фр. Венелин Йовков Пройков.
257 _aFRA
260 _bКолибри
_c2012
_fСофия : Симолини
300 _a136 с.
_bс ил.
_c20 см
380 _aDX
500 _aОриг. загл. Lе petit Nicolas et les copains / Goscinny, Sempe.
653 _aразкази
653 _aлитература за деца
653 _aдетска литература
659 _aН
700 1 _aСемпе, Жан-Жак
_eсъавт.
_9119652
700 1 _aПройков, Венелин Йовков
_eпрев. от фр.
_9379987
852 _aЦб 266426
856 4 _qpdf
856 4 _qpdf
942 _cKNG
_n0
_015
_s1
944 _aCR
_c14.11.2013
_lРусанова Ирена
_k30542
944 _aED
_c10.06.2014
_lф /
999 _d147092